Least Densely Populated Asian Countries - Statistics

General Stats
  • This quiz has been taken 176 times
  • The average score is 17 of 20
Answer Stats
Rank Ppl per km/2 Country % Correct
1. 1.7 Mongolia
99%
2. 6.2 Kazakhstan
96%
11. 46 Afghanistan
92%
10. 45 Iran
92%
4 9.2 Oman
92%
3. 8.3 Russia
92%
5. 10 Turkmenistan
92%
9. 45 Yemen
92%
6. 12 Saudi Arabia
91%
13. 49 Tajikistan
91%
14. 61 Uzbekistan
91%
17. 70 Iraq
90%
7. 27 Laos
88%
12. 46 Bhutan
87%
8. 27 Kyrgyzstan
86%
19. 74 Burma
85%
18. 71 Jordan
82%
15. 64 Georgia
74%
20. 76 East Timor
66%
16. 69 Brunei
59%
No matching quizzes found
Score Distribution
Percent of People with Each Score
Percentile by Number Answered
Your Score History
You have not taken this quiz